Χρύσα
Αποθηκεύτηκε σε:
| Μορφή: | Βιβλίο |
|---|---|
| Γλώσσα: | Greek |
| Δημοσίευση: |
Αθήνα :
Εθνική Πινακοθήκη ; Μουσείο Αλεξάνδρου Σούτσου,
1989
|
| Θέματα: | |
| Ετικέτες: |
Προσθήκη ετικέτας
Δεν υπάρχουν, Καταχωρήστε ετικέτα πρώτοι!
|
MARC
| LEADER | 00000nam a2200000 i 4500 | ||
|---|---|---|---|
| 001 | 1/18799 | ||
| 008 | 010321s1980 gre d | ||
| 035 | |l 10066618 | ||
| 040 | |a GR-MY-UA |b gre |e aacr | ||
| 041 | 0 | |a gre | |
| 082 | 0 | |a 759.9495 | |
| 245 | 1 | 0 | |a Χρύσα |
| 260 | |a Αθήνα : |b Εθνική Πινακοθήκη ; Μουσείο Αλεξάνδρου Σούτσου, |c 1989 | ||
| 300 | |a 36 σ. | ||
| 650 | 0 | 0 | |a Painting, Greek. |
| 650 | 0 | 0 | |a Painters |z Greece. |
| 852 | |a INST |b RHODES |e 20010321 |h 759.9495 ΧΡΥ |p 005400010216 |q 005400010216 |t BK |y 0 | ||
| 909 | |a Ρ |b 014991 | ||
| 922 | |a 4ΔΩΡ |b 198912 |c ΔΩΡΕΑ | ||
| 970 | |a ΚΟΥΛΑΚΙΟΤΗ |b ΛΙΤΣΑ |z 2001/03/21 | ||